000 00370nam a22001337a 4500
020 _a9780753720608
040 _cNUST
082 _a746.46 DOB
100 _aDobson, Jenni
_988455
245 _aQuick And Easy Quilts 20 Stylish Projects For Fast Result
260 _aLONDON:
_bOctopus Publishing Group,
_c2006.
650 _aQuilts -- Patterns
_988456
942 _2ddc
_cBK
999 _c587626
_d587626